<?xml version="1.0" encoding="UTF-8"?>
<record
    xmlns:xsi="http://www.w3.org/2001/XMLSchema-instance"
    xsi:schemaLocation="http://www.loc.gov/MARC21/slim http://www.loc.gov/standards/marcxml/schema/MARC21slim.xsd"
    xmlns="http://www.loc.gov/MARC21/slim">

  <leader>01603nam a2200313 i 4500</leader>
  <controlfield tag="003">OSt</controlfield>
  <controlfield tag="008">221113s2022    cc ao  e      000 0 chi d</controlfield>
  <datafield tag="020" ind1=" " ind2=" ">
    <subfield code="a">9787505752320</subfield>
    <subfield code="c">RM54.00</subfield>
    <subfield code="q">paperback</subfield>
  </datafield>
  <datafield tag="040" ind1=" " ind2=" ">
    <subfield code="a">PPAK</subfield>
    <subfield code="b">eng</subfield>
    <subfield code="c">PPAK</subfield>
    <subfield code="e">rda</subfield>
  </datafield>
  <datafield tag="041" ind1="1" ind2=" ">
    <subfield code="a">chi</subfield>
    <subfield code="h">jpn</subfield>
  </datafield>
  <datafield tag="082" ind1="0" ind2="4">
    <subfield code="2">23</subfield>
    <subfield code="a">305.5692092</subfield>
  </datafield>
  <datafield tag="090" ind1="0" ind2="0">
    <subfield code="a">305.5692092</subfield>
    <subfield code="b">KAM</subfield>
    <subfield code="d">G</subfield>
  </datafield>
  <datafield tag="100" ind1="1" ind2=" ">
    <subfield code="6">880-01</subfield>
    <subfield code="a">Kamura, Kazuma,</subfield>
    <subfield code="d">1946-</subfield>
    <subfield code="e">author.</subfield>
  </datafield>
  <datafield tag="245" ind1="1" ind2="0">
    <subfield code="6">880-02</subfield>
    <subfield code="a">Gao bie ren lei qu du ju : </subfield>
    <subfield code="b">Ri ben chuan qi liu lang han 43 nian huang ye you dang ji /</subfield>
    <subfield code="c">(ri)Jia cun yi ma zhu  ; Huo hua yi</subfield>
  </datafield>
  <datafield tag="246" ind1="3" ind2=" ">
    <subfield code="i">Translation of:</subfield>
    <subfield code="a">Dokutsu ojisan</subfield>
  </datafield>
  <datafield tag="250" ind1=" " ind2=" ">
    <subfield code="a">Di 1 ban</subfield>
  </datafield>
  <datafield tag="264" ind1=" " ind2="1">
    <subfield code="a">Beijing :</subfield>
    <subfield code="b">China Friendship Press,</subfield>
    <subfield code="c">2022</subfield>
  </datafield>
  <datafield tag="300" ind1=" " ind2=" ">
    <subfield code="a">263 pages :</subfield>
    <subfield code="b">illustrations, photographs ;</subfield>
    <subfield code="c">21 cm.</subfield>
  </datafield>
  <datafield tag="336" ind1=" " ind2=" ">
    <subfield code="a">text</subfield>
    <subfield code="2">rdacontent</subfield>
  </datafield>
  <datafield tag="337" ind1=" " ind2=" ">
    <subfield code="a">unmediated</subfield>
    <subfield code="2">rdamedia</subfield>
  </datafield>
  <datafield tag="338" ind1=" " ind2=" ">
    <subfield code="a">volume</subfield>
    <subfield code="2">rdacarrier</subfield>
  </datafield>
  <datafield tag="520" ind1=" " ind2=" ">
    <subfield code="a">This book is the author's Kazuma Kamura's record of his real life. Born into a poor family in a Japanese mountain village, Kazuma Kamura was the most neglected among his siblings and often suffered domestic violence from his father. Unable to bear it, he ran away from home at the age of 13 and lived in a mining cave in the mountains. For the next 43 years, he lived on the margins of human society, subsisting on wild fruits and hunting, only a few times with others</subfield>
  </datafield>
  <datafield tag="600" ind1="0" ind2=" ">
    <subfield code="a">Kamura, Kazuma,</subfield>
    <subfield code="d">1946-</subfield>
    <subfield code="v">Biography</subfield>
  </datafield>
  <datafield tag="650" ind1="1" ind2="0">
    <subfield code="a">Homeless men</subfield>
    <subfield code="z">Japan</subfield>
  </datafield>
  <datafield tag="700" ind1="0" ind2=" ">
    <subfield code="a">Spark,</subfield>
    <subfield code="e">translator.</subfield>
  </datafield>
  <datafield tag="880" ind1="1" ind2=" ">
    <subfield code="6">100-01</subfield>
    <subfield code="a">&#x52A0;&#x6751;&#x4E00;&#x9A6C;</subfield>
    <subfield code="d">1946-</subfield>
    <subfield code="e">&#x4F5C;&#x8005;.</subfield>
  </datafield>
  <datafield tag="880" ind1="1" ind2="0">
    <subfield code="6">245-02</subfield>
    <subfield code="a">&#x544A;&#x522B;&#x4EBA;&#x7C7B;&#x53BB;&#x72EC;&#x5C45; :</subfield>
    <subfield code="b">&#x65E5;&#x672C;&#x4F20;&#x5947;&#x6D41;&#x6D6A;&#x6C49;43&#x5E74;&#x8352;&#x91CE;&#x6E38;&#x8361;&#x8BB0;  / &#x52A0;&#x6751;&#x4E00;&#x9A6C;</subfield>
  </datafield>
  <datafield tag="942" ind1=" " ind2=" ">
    <subfield code="2">ddc</subfield>
    <subfield code="c">B</subfield>
  </datafield>
  <datafield tag="999" ind1=" " ind2=" ">
    <subfield code="c">189971</subfield>
    <subfield code="d">189971</subfield>
  </datafield>
  <datafield tag="952" ind1=" " ind2=" ">
    <subfield code="0">0</subfield>
    <subfield code="7">0</subfield>
    <subfield code="b">PPAK</subfield>
    <subfield code="c">G</subfield>
    <subfield code="d">2023-01-11</subfield>
    <subfield code="l">2</subfield>
    <subfield code="o">305.5692092 KAM</subfield>
    <subfield code="p">A01765637</subfield>
    <subfield code="r">2024-11-04 12:12:54</subfield>
    <subfield code="s">2024-10-15</subfield>
    <subfield code="y">B</subfield>
  </datafield>
  <datafield tag="952" ind1=" " ind2=" ">
    <subfield code="0">0</subfield>
    <subfield code="7">0</subfield>
    <subfield code="b">SP</subfield>
    <subfield code="c">G</subfield>
    <subfield code="d">2023-01-11</subfield>
    <subfield code="l">4</subfield>
    <subfield code="m">1</subfield>
    <subfield code="o">305.5692092 KAM</subfield>
    <subfield code="p">A01765638</subfield>
    <subfield code="r">2026-04-26 17:05:14</subfield>
    <subfield code="s">2026-04-04</subfield>
    <subfield code="y">B</subfield>
  </datafield>
</record>
